| 000 | 00431nam a2200157Ia 4500 | ||
|---|---|---|---|
| 999 |
_c12654 _d12654 |
||
| 003 | MAJU-Karachi | ||
| 005 | 20201102152533.0 | ||
| 008 | 190722s9999 xx 000 0 und d | ||
| 020 | _a978-93-325-5194-7 | ||
| 040 | _c123 | ||
| 100 | _aDan W. Patterson | ||
| 245 | 0 | _aIntroduction to Artificial Intelligence and Expert Systems | |
| 260 |
_aIndia _bPearson India Education Services _c2015 |
||
| 300 | _a448 | ||
| 942 |
_cBK _2ddc |
||